|
|
|
|
| LEADER |
00000nam0a2200000 4500 |
| 001 |
679872 |
| 005 |
20250523121909.0 |
| 010 |
|
|
|a 978-5-93208-229-4
|
| 090 |
|
|
|a 679872
|
| 100 |
|
|
|a 20250423d2025 km|y0rusy50 ca
|
| 101 |
1 |
|
|a rus
|c ger
|
| 102 |
|
|
|a RU
|
| 105 |
|
|
|a a z 000yy
|
| 181 |
|
0 |
|a i
|b e
|
| 182 |
|
0 |
|a n
|
| 183 |
|
0 |
|a nc
|2 RDAcarrier
|
| 200 |
1 |
|
|a Обольстить логикой. Выводы на все случаи жизни
|d Der Logikverführer. Schlussfolgerungen für alle Lebenslagen
|z ger
|f Кристоф Дрёссер
|g пер. с нем. Н. Е. Асламова
|
| 203 |
|
|
|a Текст
|b визуальный
|c непосредственный
|
| 205 |
|
|
|a 7-е изд., стер.
|
| 210 |
|
|
|a Москва
|c Лаборатория знаний
|d 2025
|
| 215 |
|
|
|a 175 с.
|c ил.
|
| 283 |
|
|
|a volume
|2 RDAcarrier
|
| 330 |
|
|
|a Эта книга полностью оправдывает свое название. Прочитав ее, вы поймете прелесть логического мышления и увидите, как логика помогает нам рассуждать и делать выводы даже в самых непростых жизненных ситуациях. В конце каждой главы читатель найдет лакомый кусочек – небольшую задачку. И о чем бы ни рассказывал автор – об устройстве компьютера или составлении библиотечного каталога, о соревновании Ахиллеса с черепахой или брадобрее, который никак не может побриться, – он показывает: логика может быть поистине обольстительной! Дрёссер ставит перед собой довольно сложную задачу – с помощью забавных историй объяснить читателю идеи классической логики и новые открытия в науке, которая служит фундаментом всех точных наук. И автор решает эту задачу блестяще, да так, что все изложенное на страницах книги понятно и интересно и специалистам, и дилетантам.
|
| 606 |
1 |
|
|a Логика
|9 60396
|
| 610 |
1 |
|
|a логическое мышление
|
| 610 |
1 |
|
|a рассуждения
|
| 610 |
1 |
|
|a выводы
|
| 610 |
1 |
|
|a аргументы
|
| 610 |
1 |
|
|a парадоксы
|
| 610 |
1 |
|
|a наука
|
| 610 |
1 |
|
|a логические задачи
|
| 686 |
|
|
|2 rubbk
|a Ю4
|
| 700 |
|
1 |
|a Дрёссер
|b К.
|g Кристоф
|
| 702 |
|
1 |
|4 730
|a Асламов
|b Н. Е.
|
| 801 |
|
0 |
|a RU
|b 63413507
|c 20250418
|
| 850 |
|
|
|a 63413507
|
| 942 |
|
|
|c BK
|